Tiada indah

Bibliographic Details
Format: Book

MARC

LEADER 00000cam a2200000 7i4500
001 0000008293
002 000009043
005 20000330.0
020 |a 9839806025 
090 0 0 |a F   |b RAS 
245 1 0 |a Tiada indah 
999 |a 049213   |b BUKU   |c PINJAMAN   |e PERPUSTAKAAN KOMUNITI PETALING JAYA